000
00243nam a22001097a 4500
082
_a
920
_b
H&C/W
245
_a
WORLD FAMOUS WRITERS
260
_a
THRISSUR
_b
H&C PUBLISHING HOUSE
300
_a
50
650
_a
FAMOUS WRITERS
_z
THRISSUR
942
_c
BK
999
_c
6396
_d
6396